| 000 | 01378nam a2200301 i 4500 | ||
|---|---|---|---|
| 001 | 000029316 | ||
| 003 | DO-SdBNP | ||
| 005 | 20251013111132.0 | ||
| 007 | ta | ||
| 008 | 240411s2016 dr ao 000 0 spa d | ||
| 040 |
_aDO-SdBNP _bspa _cBNPHU _erda |
||
| 041 | _aspa | ||
| 082 | 4 |
_axxx _bM665 _222 |
|
| 100 | 1 |
_aPeytrequín Gómez, Jeffrey _eautor _4aut. _988682 |
|
| 245 | 1 | 4 |
_aLas investigaciones arqueológicas en la República Dominicana durante las décadas de 1930,1940 y 1950 : _bun breve acercamiento histórico y análitico con algunos apuntes temáticos a nivel regional / _cJeffrey Peytrequín Gómez |
| 246 | 1 | 4 |
_aLas investigaciones arquelógicas en la República Dominicana durante las décadas de 1930,1940 y 1950 : _bun breve acercamiento histórico y análitico con algunos apuntes temáticos a nivel regional / |
| 264 | 1 |
_aSanto Domingo : _bMinisterio de Cultura, _bMuseo del Hombre Dominicano, _c2016. |
|
| 300 |
_a76 páginas ; _bilustraciones, fotografías _c24 cm. |
||
| 336 |
_atexto _btxt _2rdacontent |
||
| 337 |
_asin mediación _bnc _2rdamedia |
||
| 338 |
_avolumen _bn _2rdacarrier |
||
| 490 |
_aPapeles ocasionales ; _v19 |
||
| 500 | _aLa cubierta del libro tiene un error ortográfico en: Arqueológicas, dice, Arquelogicas | ||
| 504 | _aBibliografía p: 70-76. | ||
| 590 | _aInventariado, 2025/ YL | ||
| 910 | _aYLockward | ||
| 942 |
_2ddc _cLBS1 |
||
| 999 |
_c56336 _d56336 |
||